[Event "Zagreb-ch Seniors"]
[Site "Zagreb"]
[Date "2019.09.05"]
[Round "4"]
[White "Prskalo, Zoran"]
[Black "Biljak, Tomislav"]
[Result "1-0"]
[WhiteElo "1922"]
[BlackElo "1795"]
[PlyCount "87"]
[EventDate "2019.09.02"]
[EventType "swiss"]
[EventRounds "9"]
[EventCountry "CRO"]
[SourceTitle "EXT 2020"]
[Source "ChessBase"]
[SourceDate "2019.10.17"]
[SourceVersion "1"]
[SourceVersionDate "2019.10.17"]
[SourceQuality "1"]

1. e4 c5 2. d3 d6 3. g3 Nf6 4. Bg2 Nc6 5. Nf3 g6 6. c3 Bg7 7. 0-0 0-0 8. Re1 e5 9. h3 Be6 10. Be3 h6 11. Nbd2 b5 12. d4 cxd4 13. cxd4 exd4 14. Nxd4 Nxd4 15. Bxd4 Nd7 16. Bxg7 Kxg7 17. Nb3 Nb6 18. Nd4 a6 19. Nxe6+ fxe6 20. Qd4+ Kg8 21. Rad1 Nc8 22. h4 Ra7 23. Bh3 Re7 24. Re2 Kf7 25. Qe3 Kg7 26. Qa3 Qb6 27. Kg2 b4 28. Qb3 Rfe8 29. Rc2 a5 30. Rdc1 Qb7 31. Kg1 Nb6 32. Bg2 Rc8 33. Qd3 Rxc2 34. Qxc2 Qd7 35. Qd2 Na4 36. Rd1 e5 37. Rc1 Qe6 38. a3 Rb7 39. Rc6 bxa3 40. bxa3 Rb6 41. Rc7+ Kf6 42. Qxh6 Qe8 43. Qg5+ Ke6 44. Bh3# 1-0

[Event "Podturen Mavrin Memorial 7th"]
[Site "Podturen"]
[Date "2019.01.06"]
[Round "6"]
[White "Biljak, Tomislav"]
[Black "Srsan, Matija"]
[Result "1/2-1/2"]
[WhiteElo "1748"]
[BlackElo "1953"]
[PlyCount "154"]
[EventDate "2019.01.03"]
[EventType "swiss"]
[EventRounds "7"]
[EventCountry "CRO"]
[SourceTitle "CBM 188 Extra"]
[Source "ChessBase"]
[SourceDate "2019.02.26"]
[SourceVersion "1"]
[SourceVersionDate "2019.02.26"]
[SourceQuality "1"]

1. Nf3 Nf6 2. g3 c5 3. Bg2 g6 4. 0-0 Bg7 5. d4 cxd4 6. Nxd4 0-0 7. c3 Nc6 8. Nd2 a6 9. N2f3 Qc7 10. Re1 d6 11. e4 Nd7 12. Bg5 Nc5 13. Nb3 Ne6 14. Be3 b5 15. Nbd4 Rb8 16. Nxe6 Bxe6 17. Nd4 Bd7 18. Nxc6 Bxc6 19. Bd4 Rfc8 20. Bxg7 Kxg7 21. a3 a5 22. Qd4+ Kg8 23. f4 Qb7 24. Re2 Rc7 25. e5 Bxg2 26. Rxg2 Rc4 27. Qd3 dxe5 28. fxe5 Qe4 29. Qe2 Rd8 30. Re1 Qxe2 31. Rgxe2 e6 32. Kf2 h5 33. Kf3 Kf8 34. Re3 Ke7 35. R1e2 Rd5 36. b3 Rc8 37. Rc2 Rd1 38. Re4 Rc5 39. b4 axb4 40. axb4 Rd3+ 41. Re3 Rxe3+ 42. Kxe3 Rxe5+ 43. Kd4 Rd5+ 44. Ke4 f5+ 45. Ke3 Re5+ 46. Kd4 Kd6 47. Ra2 Rd5+ 48. Ke3 Ke5 49. Ra7 Kf6 50. h4 e5 51. Rb7 e4 52. Kf4 Rd3 53. Rb6+ Kg7 54. Rxb5 Rxc3 55. Rb7+ Kf6 56. Rb6+ Kg7 57. Rb7+ Kh6 58. b5 Rf3+ 59. Ke5 e3 60. Kd4 e2 61. Re7 Rb3 62. Kc5 Rxg3 63. Rxe2 f4 64. b6 Rb3 65. Kc6 f3 66. Re1 g5 67. Re6+ Kg7 68. Re1 g4 69. b7 f2 70. Rf1 g3 71. Rd1 g2 72. Rd7+ Kf6 73. Rd6+ Kf5 74. Rd5+ Kf4 75. Rd4+ Kg3 76. Rd3+ Rxd3 77. b8Q+ Kh3 1/2-1/2

[Event "Zagreb Damjanovic Memorial 2nd"]
[Site "Zagreb"]
[Date "2018.07.16"]
[Round "1"]
[White "Biljak, Tomislav"]
[Black "Stocko, Josip"]
[Result "0-1"]
[WhiteElo "1803"]
[BlackElo "2284"]
[PlyCount "128"]
[EventDate "2018.07.16"]
[EventType "swiss"]
[EventRounds "9"]
[EventCountry "CRO"]
[SourceTitle "EXT 2019"]
[Source "ChessBase"]
[SourceDate "2018.10.10"]
[SourceVersion "1"]
[SourceVersionDate "2018.10.10"]
[SourceQuality "1"]

1. Nf3 c5 2. d4 cxd4 3. Nxd4 Nf6 4. Nc3 d5 5. Bf4 a6 6. e3 Nbd7 7. Nf3 e6 8. Be2 Bb4 9. 0-0 0-0 10. a3 Ba5 11. h3 Re8 12. Ne5 Bc7 13. Nxd7 Bxd7 14. Bxc7 Qxc7 15. Bd3 e5 16. e4 d4 17. Ne2 Rac8 18. Rc1 Qb6 19. b3 Bc6 20. Ng3 Qa5 21. a4 g6 22. Qe2 b5 23. axb5 Bxb5 24. Ra1 Qb6 25. Bxb5 axb5 26. Qd2 Rc3 27. Kh2 Kh8 28. f3 Rec8 29. Ra2 Qc7 30. Qg5 Ng8 31. Rf2 f6 32. Qd2 Ne7 33. f4 exf4 34. Qxf4 Qxf4 35. Rxf4 Kg7 36. Ra7 R8c7 37. Rxc7 Rxc7 38. Ne2 Nc6 39. Rf1 Re7 40. Ng3 Re5 41. Rd1 Kf7 42. Rd3 b4 43. Kg1 Ke6 44. Kf2 Rc5 45. Rd2 Ke5 46. Re2 d3 47. cxd3 Nd4 48. Rb2 Rc3 49. Ke3 f5 50. exf5 gxf5 51. Ne2 Nxe2 52. Kxe2 Kd4 53. Kf3 Rxd3+ 54. Kf4 Kc3 55. Re2 Kxb3 56. Kxf5 Kc3 57. Re7 Rd5+ 58. Ke4 Rh5 59. Rc7+ Kb2 60. Kf4 b3 61. Rb7 Kc3 62. Kg4 Rc5 63. Rxh7 b2 64. Rb7 Rc4+ 0-1

[Event "Topusko Amateur op 6th"]
[Site "Topusko"]
[Date "2017.08.13"]
[Round "3"]
[White "Spiranec, Noemi"]
[Black "Biljak, Tomislav"]
[Result "1/2-1/2"]
[WhiteElo "2024"]
[BlackElo "1815"]
[PlyCount "173"]
[EventDate "2017.08.12"]
[EventType "swiss"]
[EventRounds "9"]
[EventCountry "CRO"]
[SourceTitle "CBM 180 Extra"]
[Source "ChessBase"]
[SourceDate "2017.10.06"]
[SourceVersion "1"]
[SourceVersionDate "2017.10.06"]
[SourceQuality "1"]

1. Nf3 d5 2. g3 Nf6 3. Bg2 Bf5 4. d4 e6 5. 0-0 Be7 6. c4 c6 7. Nc3 0-0 8. a3 Nbd7 9. c5 b6 10. b4 a5 11. Bd2 axb4 12. axb4 b5 13. Nh4 Qc7 14. Nxf5 exf5 15. Qc2 Ne4 16. Bf4 Qb7 17. f3 Nxc3 18. Qxc3 Rxa1 19. Rxa1 Ra8 20. Ra3 Ra4 21. Bc1 Qa7 22. e4 fxe4 23. fxe4 Rxa3 24. Qxa3 Qxa3 25. Bxa3 Nf6 26. exd5 Nxd5 27. Kf2 Bf6 28. Ke2 Bxd4 29. Kd3 Bg1 30. Bxd5 cxd5 31. Bb2 Kf8 32. h3 f6 33. Bd4 Bh2 34. Bf2 Ke7 35. Ke3 h5 36. Kf3 h4 37. gxh4 Be5 38. Be1 Ke6 39. Kg4 f5+ 40. Kg5 d4 41. Bd2 d3 42. h5 Bg3 43. Bc3 Bf2 44. Kf4 Bd4 45. Bd2 Kd5 46. Kxf5 Kc4 47. c6 Bb6 48. Kg6 Kb3 49. Kxg7 Kc2 50. Bf4 Ba7 51. Be3 Bb6 52. h6 Bxe3 53. c7 Bd4+ 54. Kf8 d2 55. c8Q+ Bc3 56. Qf5+ Kc1 57. Qd3 d1Q 58. Qxc3+ Kb1 59. h7 Qd8+ 60. Kf7 Qd5+ 61. Kg6 Qe4+ 62. Kg5 Qxh7 63. h4 Qe7+ 64. Kg4 Qe6+ 65. Kg3 Qd6+ 66. Kf3 Qd5+ 67. Kf2 Qf7+ 68. Qf3 Qa7+ 69. Kg2 Qg7+ 70. Kh1 Qe7 71. Qf5+ Kb2 72. Qf4 Ka3 73. Kg2 Ka4 74. Kg3 Qg7+ 75. Kf3 Qc3+ 76. Kg4 Qg7+ 77. Kf5 Qf7+ 78. Ke4 Qc4+ 79. Kf3 Qd3+ 80. Kf2 Qc2+ 81. Kg1 Qd1+ 82. Kg2 Qc2+ 83. Kh3 Qd3+ 84. Qg3 Qf5+ 85. Qg4 Qf1+ 86. Qg2 Qf5+ 87. Qg4 1/2-1/2

[Event "Zagreb Damjanovic Memorial 1st"]
[Site "Zagreb"]
[Date "2016.11.10"]
[Round "1"]
[White "Jurkovic, Ante"]
[Black "Biljak, Tomislav"]
[Result "1-0"]
[WhiteElo "2276"]
[BlackElo "1870"]
[PlyCount "37"]
[EventDate "2016.11.10"]
[EventType "swiss"]
[EventRounds "9"]
[EventCountry "CRO"]
[SourceTitle "CBM 175 Extra"]
[Source "ChessBase"]
[SourceDate "2016.12.12"]
[SourceVersion "1"]
[SourceVersionDate "2016.12.12"]
[SourceQuality "1"]

1. e4 d5 2. exd5 Nf6 3. d4 Bg4 4. Nf3 Qxd5 5. Be2 Nc6 6. c4 Qh5 7. Be3 e5 8. d5 Bb4+ 9. Nc3 Bxc3+ 10. bxc3 Ne7 11. Qa4+ c6 12. Bc5 Bd7 13. Bxe7 Kxe7 14. Qb4+ Ke8 15. Qxb7 Rc8 16. dxc6 Rxc6 17. Nd4 exd4 18. Bxh5 Nxh5 19. 0-0 1-0

[Event "Topusko op 5th"]
[Site "Topusko"]
[Date "2016.08.11"]
[Round "7"]
[White "Biljak, Tomislav"]
[Black "Siraj, Anej"]
[Result "1-0"]
[WhiteElo "1875"]
[BlackElo "1644"]
[PlyCount "71"]
[EventDate "2016.08.06"]
[EventType "swiss"]
[EventRounds "9"]
[EventCountry "CRO"]
[SourceTitle "CBM 173 Extra"]
[Source "ChessBase"]
[SourceDate "2016.08.29"]
[SourceVersion "1"]
[SourceVersionDate "2016.08.29"]
[SourceQuality "1"]

1. e4 e5 2. Nf3 Nc6 3. d4 exd4 4. Nxd4 Bc5 5. Nb3 Bb6 6. Nc3 d6 7. Qe2 Nf6 8. Bg5 h6 9. Bh4 0-0 10. 0-0-0 g5 11. Bg3 Re8 12. f3 Ne5 13. Bxe5 Rxe5 14. h4 Kg7 15. hxg5 Rxg5 16. Qd2 Qh8 17. Bc4 Bd7 18. Rh2 Re8 19. Rdh1 Rg6 20. g4 Re7 21. g5 Ng8 22. Nd5 Re5 23. Nxb6 axb6 24. Qc3 b5 25. f4 bxc4 26. fxe5 cxb3 27. e6+ Kh7 28. Qxh8+ Kxh8 29. exd7 bxa2 30. Kd2 d5 31. d8Q Rd6 32. Rxh6+ Rxh6 33. Rxh6+ Kg7 34. Qa8 Nxh6 35. gxh6+ Kxh6 36. Qxa2 1-0

[Event "Topusko op 5th"]
[Site "Topusko"]
[Date "2016.08.10"]
[Round "6"]
[White "Grguric, Dragan"]
[Black "Biljak, Tomislav"]
[Result "1/2-1/2"]
[WhiteElo "2041"]
[BlackElo "1875"]
[PlyCount "90"]
[EventDate "2016.08.06"]
[EventType "swiss"]
[EventRounds "9"]
[EventCountry "CRO"]
[SourceTitle "CBM 173 Extra"]
[Source "ChessBase"]
[SourceDate "2016.08.29"]
[SourceVersion "1"]
[SourceVersionDate "2016.08.29"]
[SourceQuality "1"]

1. e4 d5 2. exd5 Nf6 3. d4 Bg4 4. Be2 Bxe2 5. Qxe2 Qxd5 6. Nf3 e6 7. 0-0 Be7 8. Nc3 Qf5 9. Nb5 Na6 10. c4 c6 11. Nc3 0-0 12. a3 Rad8 13. h3 Nc7 14. Rd1 h6 15. Be3 a6 16. Rac1 c5 17. dxc5 Ne4 18. Nxe4 Qxe4 19. b4 f5 20. Nd2 Qd3 21. Qxd3 Rxd3 22. Bf4 Ne8 23. Nb1 Rxd1+ 24. Rxd1 Nf6 25. Nc3 Rc8 26. Na4 Kf7 27. Nb6 Rd8 28. Rxd8 Bxd8 29. f3 Bxb6 30. cxb6 Nd7 31. Bc7 Ke8 32. Kf2 Nf6 33. a4 Kd7 34. b5 axb5 35. axb5 Ne8 36. Be5 Nd6 37. Bxd6 Kxd6 38. Ke3 e5 39. h4 h5 40. f4 e4 41. Kd4 g6 42. c5+ Kd7 43. Kc4 Kc8 44. c6 Kb8 45. Kd5 Kc8 1/2-1/2

[Event "Topusko op 5th"]
[Site "Topusko"]
[Date "2016.08.07"]
[Round "3"]
[White "Biljak, Tomislav"]
[Black "Frank, Vladimir"]
[Result "0-1"]
[WhiteElo "1875"]
[BlackElo "2068"]
[PlyCount "80"]
[EventDate "2016.08.06"]
[EventType "swiss"]
[EventRounds "9"]
[EventCountry "CRO"]
[SourceTitle "CBM 173 Extra"]
[Source "ChessBase"]
[SourceDate "2016.08.29"]
[SourceVersion "1"]
[SourceVersionDate "2016.08.29"]
[SourceQuality "1"]

1. e4 c5 2. Nf3 Nc6 3. d4 cxd4 4. Nxd4 Nf6 5. Nc3 d6 6. Bb5 Bd7 7. Bg5 e6 8. Qd2 Be7 9. Nxc6 bxc6 10. Bd3 d5 11. e5 Ng8 12. Bxe7 Nxe7 13. 0-0 Qb8 14. f4 Qxb2 15. Rfb1 Qa3 16. Rb3 Qa5 17. Qe2 0-0 18. Nd1 Rab8 19. Rab1 Rb6 20. c4 Rfb8 21. Ne3 Rxb3 22. axb3 Qc3 23. Qd1 f5 24. exf6 Qxf6 25. g3 e5 26. fxe5 Qxe5 27. Ng2 Bf5 28. Bxf5 Nxf5 29. cxd5 Qxd5 30. Qxd5+ cxd5 31. Nf4 Ne7 32. Kf2 Kf7 33. Nd3 Rc8 34. Rb2 Ke6 35. b4 Rc3 36. Nc5+ Kd6 37. Ra2 Nc6 38. Rd2 Rc4 39. Re2 Rxb4 40. Ne6 Rb7 0-1

[Event "Topusko op 5th"]
[Site "Topusko"]
[Date "2016.08.06"]
[Round "1"]
[White "Biljak, Tomislav"]
[Black "Bozinovic, Bogdan"]
[Result "0-1"]
[WhiteElo "1875"]
[BlackElo "2226"]
[PlyCount "58"]
[EventDate "2016.08.06"]
[EventType "swiss"]
[EventRounds "9"]
[EventCountry "CRO"]
[SourceTitle "CBM 173 Extra"]
[Source "ChessBase"]
[SourceDate "2016.08.29"]
[SourceVersion "1"]
[SourceVersionDate "2016.08.29"]
[SourceQuality "1"]

1. e4 c5 2. Nf3 d6 3. d4 cxd4 4. Nxd4 Nf6 5. Nc3 a6 6. Be3 e6 7. f3 b5 8. Qd2 Nbd7 9. g4 Nb6 10. Qf2 Nfd7 11. 0-0-0 Bb7 12. h4 Rc8 13. g5 Rxc3 14. bxc3 Na4 15. Bd2 Qc7 16. Qe3 Qc5 17. Re1 d5 18. exd5 Bxd5 19. Rh3 Qa3+ 20. Kd1 Nb2+ 21. Ke2 Nc4 22. Bc1 Qa5 23. Qd3 Nc5 24. Qd1 Na4 25. Kf2 Nxc3 26. Qd3 Bc5 27. Kg2 Nxa2 28. Nb3 Qxe1 29. Nxc5 Nxc1 0-1

[Event "Topusko op 4th"]
[Site "Topusko"]
[Date "2015.08.04"]
[Round "5"]
[White "Biljak, Tomislav"]
[Black "Kablar, Dorian"]
[Result "1-0"]
[WhiteElo "1875"]
[BlackElo "1510"]
[PlyCount "39"]
[EventDate "2015.08.01"]
[EventType "swiss"]
[EventRounds "9"]
[EventCountry "CRO"]
[SourceTitle "CBM 167 Extra"]
[Source "ChessBase"]
[SourceDate "2015.09.14"]
[SourceVersion "1"]
[SourceVersionDate "2015.09.14"]
[SourceQuality "1"]

1. e4 e5 2. Nf3 Nc6 3. d4 exd4 4. Nxd4 Nxd4 5. Qxd4 d6 6. Nc3 Nf6 7. f3 Be7 8. Be3 b6 9. 0-0-0 c5 10. Qd2 Bd7 11. Bf4 Nh5 12. Bxd6 Bg5 13. f4 Be7 14. Bxe7 Qxe7 15. Qd5 Rb8 16. Qxh5 0-0 17. e5 b5 18. Bd3 g6 19. Qh6 b4 20. Nd5 1-0

[Event "Velika Gorica op 12th"]
[Site "Velika Gorica"]
[Date "2014.08.18"]
[Round "1"]
[White "Kristovic, Marijan"]
[Black "Biljak, Tomislav"]
[Result "1-0"]
[WhiteElo "2341"]
[BlackElo "1901"]
[PlyCount "39"]
[EventDate "2014.08.18"]
[EventType "swiss"]
[EventRounds "9"]
[EventCountry "CRO"]
[SourceTitle "EXT 2015"]
[Source "ChessBase"]
[SourceDate "2014.11.20"]
[SourceVersion "1"]
[SourceVersionDate "2014.11.20"]
[SourceQuality "1"]

1. e4 d5 2. exd5 Nf6 3. c4 c6 4. d4 cxd5 5. Nc3 e6 6. Nf3 Nc6 7. c5 Be7 8. Bd3 0-0 9. 0-0 Bd7 10. a3 a5 11. Rb1 Qb8 12. b4 axb4 13. axb4 e5 14. dxe5 Nxe5 15. Nxe5 Qxe5 16. Re1 Ne4 17. Nxe4 dxe4 18. Rxe4 Qf6 19. Bb2 Qg5 20. h4 1-0

[Event "Topusko op 3rd"]
[Site "Topusko"]
[Date "2014.08.14"]
[Round "8"]
[White "Kljako, Damir"]
[Black "Biljak, Tomislav"]
[Result "1-0"]
[WhiteElo "2200"]
[BlackElo "1901"]
[PlyCount "53"]
[EventDate "2014.08.08"]
[EventType "swiss"]
[EventRounds "9"]
[EventCountry "CRO"]
[SourceTitle "CBM 162 Extra"]
[Source "ChessBase"]
[SourceDate "2014.10.17"]
[SourceVersion "1"]
[SourceVersionDate "2014.10.17"]
[SourceQuality "1"]

1. d4 d5 2. c4 c6 3. Nc3 Nf6 4. cxd5 cxd5 5. Nf3 Nc6 6. h3 e6 7. a3 a6 8. Bf4 Be7 9. e3 0-0 10. Bd3 h6 11. 0-0 Nd7 12. e4 dxe4 13. Bxe4 Nf6 14. Bc2 Nd5 15. Nxd5 Qxd5 16. Qd3 Qf5 17. Qxf5 exf5 18. d5 Nb8 19. Rad1 Bf6 20. b4 g5 21. Bc7 Re8 22. Rfe1 Rxe1+ 23. Rxe1 Bd7 24. Ne5 Bxe5 25. Rxe5 f6 26. Re7 Kf8 27. Bd6 1-0

[Event "Topusko op 3rd"]
[Site "Topusko"]
[Date "2014.08.12"]
[Round "6"]
[White "Nikolic, Emil"]
[Black "Biljak, Tomislav"]
[Result "1/2-1/2"]
[WhiteElo "2139"]
[BlackElo "1901"]
[PlyCount "72"]
[EventDate "2014.08.08"]
[EventType "swiss"]
[EventRounds "9"]
[EventCountry "CRO"]
[SourceTitle "CBM 162 Extra"]
[Source "ChessBase"]
[SourceDate "2014.10.17"]
[SourceVersion "1"]
[SourceVersionDate "2014.10.17"]
[SourceQuality "1"]

1. c4 c6 2. Nf3 d5 3. e3 Nf6 4. Be2 Bf5 5. Qb3 Qb6 6. Qxb6 axb6 7. Nc3 e6 8. Nh4 Bg6 9. 0-0 Nbd7 10. d4 Be7 11. Nxg6 hxg6 12. f3 dxc4 13. Bxc4 b5 14. Bd3 Nb6 15. b3 0-0 16. Ne4 Nxe4 17. fxe4 Rfd8 18. Bb2 e5 19. Rfd1 exd4 20. exd4 Bf6 21. Be2 Bg5 22. Kf2 Bf6 23. Bf3 Rd7 24. Bg4 Rdd8 25. a3 Be7 26. Bf3 Bf6 27. g3 Rd7 28. Bg4 Rdd8 29. Rd2 Ra6 30. Be2 Raa8 31. h4 Ra7 32. Rad1 Be7 33. b4 Na4 34. Ba1 Nb6 35. Bb2 Na4 36. Ba1 Nb6 1/2-1/2

[Event "Zagreb op-B"]
[Site "Zagreb"]
[Date "2012.03.05"]
[Round "1"]
[White "Biljak, Tomislav"]
[Black "Muskardin, Mario"]
[Result "0-1"]
[WhiteElo "1910"]
[BlackElo "2203"]
[PlyCount "60"]
[EventDate "2012.03.05"]
[EventType "swiss"]
[EventRounds "9"]
[EventCountry "CRO"]
[SourceTitle "CBM 147 Extra"]
[Source "ChessBase"]
[SourceDate "2012.04.24"]
[SourceVersion "1"]
[SourceVersionDate "2012.04.24"]
[SourceQuality "1"]

1. e4 c5 2. Nf3 g6 3. d4 cxd4 4. Nxd4 Bg7 5. Nc3 Nc6 6. Be3 Nf6 7. Be2 0-0 8. Qd2 d5 9. Nxc6 bxc6 10. exd5 Nxd5 11. Nxd5 Qxd5 12. Qxd5 cxd5 13. 0-0-0 a5 14. f4 Bf5 15. Bf3 Rfc8 16. Rd2 Rab8 17. g4 Bxb2+ 18. Kd1 Be4 19. Bxe4 dxe4 20. Ke2 Bc3 21. Rd7 Bb4 22. Rb1 Rxc2+ 23. Kf1 Rxh2 24. Kg1 Re2 25. a3 Rxe3 26. axb4 axb4 27. Rxe7 b3 28. f5 Rg3+ 29. Kh2 Rxg4 30. f6 h5 0-1